000 00474nam a2200169Ia 4500
003 GCL
008 140319s9999 xx 000 0 eng d
040 _aGCL /
_cGCL
082 0 4 _a320.952
_bK P
100 1 _aKOICHI, KISHIMOTO
245 1 0 _aPOLITICS IN MODERN JAPAN: DEVELOPMENT AND ORGANIZATION, 3RD ED /
_cKOICHI, KISHIMOTO
260 _a[S.N] :
_bJAPAN ECHO INC ،
_c1988
650 0 4 _aBUREAUCRACY
650 0 4 _aJAPAN
650 0 4 _aJAPAN - POLITICS
942 _2ddc
_cBK
999 _c19293
_d19293